Cạnh tranh tốc độ cao

Kaydedildi:
Detaylı Bibliyografya
Yazar: Lê, Quang Lâm
Materyal Türü: Kitap
Dil:Undetermined
Baskı/Yayın Bilgisi: Hà Nội Lao động 2009
Konular:
Etiketler: Etiketle
Etiket eklenmemiş, İlk siz ekleyin!
Thư viện lưu trữ: Trung tâm Học liệu Trường Đại học Cần Thơ
LEADER 00548nam a2200205Ia 4500
001 CTU_158889
008 210402s9999 xx 000 0 und d
020 |c 58000 
082 |a 658.802 
082 |b L120 
100 |a Lê, Quang Lâm 
245 0 |a Cạnh tranh tốc độ cao 
245 0 |c Lê Quang Lâm 
260 |a Hà Nội 
260 |b Lao động 
260 |c 2009 
650 |a Competition,Cạnh tranh 
650 |z China,Trung Quốc 
904 |i QHieu 
980 |a Trung tâm Học liệu Trường Đại học Cần Thơ